| Registos Bibliográficos associados ao registo de autoridade |
|
Etiqueta de registo: 00254nam 2200025 450 001 2279989 003 http://id.bnportugal.gov.pt/bib/catbnp/2279989 010 ## $a978-972-647-447-0 021 ## $aPT$b551667/25 100 ## $a20260313d2025 m b0pory01030103ba 101 0# $apor 102 ## $aPT 105 ## $aa z 000yy 106 ## $ar 200 1# $aArqueologia no Corvo$e um percurso com a comunidade$fJosé Luís Neto, Luís Borges, Pedro Parreira 210 #9 $aCorvo$cEcomuseu do Corvo,$d2025 215 ## $a129 p.$cil.$d22 cm 606 ## $aSítios arqueológicos$yIlha do Corvo (Portugal)$2SIPOR$31995025 675 ## $a902.2(469.9)(042)$vBN$zpor$31995132 700 #1 $aNeto,$bJosé Luís,$f1977-$31208127 701 #1 $aBorges,$bLuís,$f1986-$4070$31991191 701 #1 $92$aParreira,$bPedro$4070$31762264 801 #0 $aPT$bBN$gRPC 856 41 $uhttp://rnod.bnportugal.gov.pt/ImagesBN/winlibimg.aspx?skey=&doc=2279989&img=221216&save=true 900 ## $aBIBNAC$d20260417 966 ## $lBN$mFGMON$sH.G. 89119 V.$x1 971 ## $cssilva$d20260313 972 ## $e0$z0$d20260417$vlrevez 973 ## $ctrodrigues$d20260408 974 ## $e0$d20260409$vrsimoes
|
|
|